Stati con più Musulmani in Europa - Statistics

Statistiche generali
  • Questo quiz è stato fatto 36 volte
  • Il punteggio medio è 9 su 10
Statistiche sulle risposte
Musumani (in numeri assoluti) Stato % Corretto
5 720 000 Francia
100%
4 300 000 Germania
100%
2 987 840 Italia
100%
2 130 000 Regno Unito
100%
1 180 000 Spagna
100%
879 377 Belgio
93%
1 797 645 Albania
82%
1 955 084 Bosnia ed Erzegovina
79%
720 000 Austria
71%
861 015 Bulgaria
71%
Nessun quiz corrispondente trovato
Distribuzione punteggi
Percentuale di utenti per punteggio
Percentile per numero di risposta
I tuoi punteggi nel tempo
Non hai fatto questo quiz